|
|
|
|
| LEADER |
00000nab#a22000007a#4500 |
| 001 |
arbauad039546 |
| 003 |
AR-BaUAD |
| 005 |
20250711113100.0 |
| 008 |
990926|||||||||###||||||b###|0###a|spa|| |
| 040 |
|
|
|a AR-BaUAD
|c AR-BaUAD
|b spa
|
| 100 |
|
|
|a Fabris, Luca Maria Francesco
|
| 245 |
|
|
|a Emscher Park /
|c Luca Maria Francesco Fabris;
|
| 300 |
0 |
|
|b fot., plantas, mapas, vistas, cortes, il.
|
| 653 |
|
|
|a ALEMANIA
|
| 653 |
|
|
|a INTERNATIONALE BAU AUSTELLUNG
|
| 653 |
|
|
|a PARQUE EMSCHER
|
| 653 |
|
|
|a PARQUES INDUSTRIALES
|
| 653 |
|
|
|a REFUNCIONALIZACION URBANA
|
| 653 |
|
|
|a REFUNCIONALIZACION ARQUITECTONICA
|
| 653 |
|
|
|a RENOVACION URBANA
|
| 653 |
|
|
|a PAISAJISMO
|
| 653 |
|
|
|a ECOLOGIA
|
| 653 |
|
|
|a MEDIO AMBIENTE
|
| 653 |
|
|
|a INTERVENCIONES URBANAS
|
| 653 |
|
|
|a PROYECTOS
|
| 653 |
|
|
|a VIVIENDAS UNIFAMILIARES
|
| 653 |
|
|
|a GALERIAS
|
| 653 |
|
|
|a EDIFICIOS DE OFICINAS
|
| 773 |
0 |
|
|t ABITARE
|g no. 386 [jul.-ago. 1999], p. 99-115
|
| 942 |
|
|
|c ARTI
|
| 952 |
|
|
|0 0
|1 0
|4 0
|7 0
|9 84465
|a AR-BAuAD
|b AR-BAuAD
|d 2025-07-11
|l 0
|p AAQA039546
|r 2025-07-11 11:31:00
|w 2025-07-11
|y ARTI
|
| 990 |
|
|
|a AQ199
|b TD
|
| 990 |
|
|
|a U199
|b TD
|
| 998 |
|
|
|a AAQ
|b BIBUN76
|
| 999 |
|
|
|c 64138
|d 64138
|